Jurassic World: Camp Cretaceous Characters - Statistics

General Stats
  • This quiz has been taken 1,165 times
    950 since last reset
  • The average score is 16 of 37
Answer Stats
Hint Answer % Correct
Dino-Nerd Darius Bowman
95%
Rich Kid Kenji Kon
93%
Wild Child Ben Pincus
89%
Texas Sammy Gutierrez
87%
Trackstar Yasmina “Yaz” Fadoula
82%
Dinosaurs Bumpy
63%
Henry Wu
63%
Internet Girl Brooklynn
61%
Robots BRADs
52%
Dave
52%
Camp Councillors Roxie
51%
President of Mantah Corp Daniel Kon
48%
Scorpios Rex
48%
Indominus Rex
46%
Tattooed Weasel Kash Langford
46%
Big Game Hunters Mitch
45%
Tiff
45%
Toro
44%
Virtually indestructible robot BRAD-X
43%
Darius’s big bro Brandon Bowman
41%
Blue
40%
Sacrificed himself to the Baryonyxes Hap
39%
Dinosaurs Big Eatie
34%
Dinosaurs Little Eatie
31%
Scientists Eddie
30%
Dinosaurs Angel
29%
Dinosaurs Rebel
29%
Dinosaurs Firecracker
28%
Chaos
26%
Dinosaurs Grim
26%
Pierce
26%
Dinosaurs Limbo
25%
Dr. Mae Turner
24%
Dinosaurs Spinosaurus
24%
Goons Hawkes
15%
Reed
6%
Dawson
5%
No matching quizzes found
Score Distribution
Percent of People with Each Score
Percentile by Number Answered
Your Score History
You have not taken this quiz since the last reset